000 00433nam a22001577a 4500
003 OSt
005 20211123155926.0
008 211123b |||||||| |||| 00| 0 eng d
040 _cHAWASSA UNIVERSITY
050 _a641/PAS
_b1
082 _a641/PAS
_b1
100 _aPASSMORE R.
_qPASSMORE R.
_920235
245 _aHANDBOOK ON HUMAN NUTRITIONAL REQUREMENTS
260 _aGENEVA
_bWORLD HEALTH ORGANIZATIN
_c1974
942 _2ddc
_cBOOKS
_n0
999 _c19852
_d19852